Neura 2004 (Registo nº 1170)

Detalhes MARC
000 -Etiqueta do registo
Cabeçalho 00624nam0a2200241 4500
005 - Identificador da versão
Campo de controlo 20240813121827.0
010 ## - Número internacional normalizado dos livros (ISBN)
Número (ISBN) 9895550642
021 ## - Número do Depósito Legal
Código do país PT
Número 211196/04
100 ## - Dados gerais de processamento
Dados gerais de processamento 20160628d2004 m y0pory5003 ba
102 ## - Pais de publicação ou produção
País de publicação Portugal
101 0# - Língua de publicação
Língua do texto, banda sonora, etc. Português
215 ## - Descrição física 
Indicação específica da natureza do documento e extensão da espécie 182 p
Dimensões
200 1# - Titulo e menção de responsabilidade
Título próprio Neura 2004
Primeira menção de responsabilidade Luís Graça
205 ## - Menção da edição
Menção da edição 1ª ed
210 ## - Publicação, Distribuição, etc. 
Lugar da edição, distribuição, etc. Lisboa
Nome do editor, distribuidor, etc. Oficina do Livro
Data da publicação, distribuição, etc. 2004
606 ## - Nome comum usado como assunto
Número de registo de entrada de autoridade 0002607
Palavra de ordem Literatura portuguesa
Subdivisão de assunto Humor
Código do sistema CA
675 ## - Classificação Decimal Universal (CDU)
Notação 821.134.3-7
Edição 3ª ed.
Língua da edição por
700 #1 - Nome de autor-pessoa física (responsabilidade principal)
Número de registo de entrada de autoridade 0001647
Palavra de ordem Graça
Outra parte do nome não tomada para palavra de ordem Luís
Datas 1948-
966 ## - Identificação da Biblioteca
Sigla EB2,3ENM
942 ## - Elementos de entrada adicionados (Koha)
Tipo de item no Koha Livro
Exemplares
Situação do levantamento Origin of item (home branch) (coded) Biblioteca de empréstimo Código de barras Cota Circulation type (not for loan) Tipo de documento Nota do exemplar Damaged status
  Biblioteca Escolar Eng. Nuno Mergulhão Biblioteca Escolar Eng. Nuno Mergulhão BENM2124 82LP-7 GRA   Livro Sem mensagem